| 000 | 00939cam a22002533a 4500 | ||
|---|---|---|---|
| 001 | 29404 | ||
| 003 | PGUSA | ||
| 005 | 20140828083633.0 | ||
| 008 | 090713s2009||||xxu|||||s|||||000 1 eng d | ||
| 040 |
_aPGUSA _beng |
||
| 042 | _adc | ||
| 050 | 4 | _aPS | |
| 100 | 1 |
_aDonnell, Annie Hamilton, _d1862- |
|
| 245 | 1 | 4 |
_aThe Very Small Person _h[electronic resource] / _cAnnie Hamilton Donnell |
| 260 |
_bProject Gutenberg, _c2009 |
||
| 505 | 0 | _aLittle blue overalls -- The boy -- The adopted -- Bobby unwelcome -- The little girl who should have been a boy -- The lie -- The princess of make-believe -- The promise -- The little lover -- The child -- The recompense. | |
| 506 | _aPublic domain in the USA. | ||
| 516 | _aElectronic text | ||
| 653 | _aChildren -- Fiction | ||
| 700 | 1 |
_aElliott, Elizabeth Shippen Green, _d1871-1954 |
|
| 830 | 0 |
_aProject Gutenberg _v29404 |
|
| 856 | 4 | 0 | _uhttp://www.gutenberg.org/ebooks/29404 |
| 942 | _cEB | ||
| 999 |
_c258659 _d258659 |
||